[Event "ICS rated standard match"]
[Site "204.178.125.65"]
[Date "2000.12.19"]
[Round "?"]
[White "diep"]
[Black "Hossa"]
[Result "1-0"]
[WhiteElo "2492"]
[BlackElo "2356"]
[PlyCount "53"]
[EventDate "2000.??.??"]

1. e4 c5 2. Nf3 e6 3. d4 cxd4 4. Nxd4 a6 5. c4 Nf6 6. Nc3 Qc7 7. Be2 Bb4 8. Qc2
Qe5 9. Be3 Qxe4 10. Qb3 Bxc3+ 11. Qxc3 Qxg2 12. O-O-O Qe4 13. Rhg1 Rg8 14. Nf3
Nc6 15. Qxf6 Qf5 16. Qxf5 exf5 17. Bc5 Nd8 18. Nh4 Ne6 19. Bb4 f4 20. Nf5 a5
21. Nd6+ Kd8 22. Nxf7+ Ke8 23. Nd6+ Kd8 24. Bc3 Ke7 25. Bf3 g6 26. Rd3 Ra7 27.
Nf5+ {Hossa resigns} 1-0

[Event "ICS rated standard match"]
[Site "204.178.125.65"]
[Date "2000.12.19"]
[Round "?"]
[White "Hossa"]
[Black "diep"]
[Result "0-1"]
[WhiteElo "2346"]
[BlackElo "2502"]
[PlyCount "140"]
[EventDate "2000.??.??"]

1. d4 Nf6 2. c4 e6 3. Nf3 d5 4. Nc3 Bb4 5. Qa4+ Nc6 6. a3 Bxc3+ 7. bxc3 Bd7 8.
cxd5 exd5 9. Bg5 h6 10. Bxf6 Qxf6 11. e3 Ne7 12. Qb3 O-O-O 13. Bd3 Bf5 14. Rb1
b6 15. Bxf5+ Qxf5 16. O-O Nc6 17. Qa4 Qe6 18. Qa6+ Kb8 19. c4 dxc4 20. Rfc1
Rhe8 21. Rxc4 Rd5 22. Rc3 Ra5 23. Qd3 Ne7 24. Rbc1 Nd5 25. R3c2 Rc8 26. Ne5 c5
27. Nc4 Ra4 28. Qb3 Ra6 29. dxc5 Rxc5 30. a4 Ka8 31. Rd1 Qc6 32. a5 bxa5 33. e4
a4 34. Qf3 Ne7 35. Qxf7 Nc8 36. Rb1 Qc7 37. Rcb2 Nb6 38. Qe8+ Qb8 39. Nd6 Qxe8
40. Nxe8 a3 41. Ra2 g5 42. Ng7 Nc4 43. f3 Rb6 44. Rc1 Rcb5 45. Raa1 Rb2 46. Ne8
a2 47. Nc7+ Kb7 48. Nd5 R6b3 49. Nc3 Rxc3 50. Rxc3 Rb1+ 51. Rc1 Nd2 52. Rxa2
Rxc1+ 53. Kf2 Nc4 54. Kg3 a5 55. Kg4 Rc2 56. Rxc2 Ne3+ 57. Kh5 Nxc2 58. e5 Nd4
59. h4 a4 60. g3 a3 61. hxg5 hxg5 62. Kg6 a2 63. Kf7 a1=Q 64. Kg6 Qb1+ 65. Kg7
Qf5 66. Kh6 Ne6 67. f4 gxf4 68. gxf4 Qf7 69. f5 Qg7+ 70. Kh5 Qg5# {
Hossa checkmated} 0-1

[Event "ICS rated blitz match"]
[Site "204.178.125.65"]
[Date "2000.12.19"]
[Round "?"]
[White "PostModernist"]
[Black "Hossa"]
[Result "0-1"]
[WhiteElo "2698"]
[BlackElo "2467"]
[PlyCount "160"]
[EventDate "2000.??.??"]

1. e4 c5 2. c3 e6 3. d4 a6 4. Nf3 b5 5. Bd3 cxd4 6. cxd4 d5 7. O-O Nc6 8. Nc3
Nf6 9. e5 Nd7 10. Bg5 Be7 11. Bxe7 Qxe7 12. a4 bxa4 13. Rxa4 Nb6 14. Ra1 Nb4
15. Qb1 Nxd3 16. Qxd3 Rb8 17. Rfc1 Nc4 18. Na4 Bd7 19. Nc5 Rxb2 20. Rxa6 Bc8
21. Ra8 O-O 22. Rca1 Re8 23. R1a7 Qd8 24. Nb3 Qb6 25. Ng5 g6 26. Nc1 Qb4 27.
Qf1 Nd2 28. Qd1 Qxd4 29. Rc7 Bd7 30. Rxe8+ Bxe8 31. Rc8 Kf8 32. Nxh7+ Ke7 33.
Nf6 Ba4 34. Ra8 Rb1 35. g3 Bc6 36. Ng8+ Kd7 37. Nf6+ Kc7 38. Rf8 Qc3 39. Kg2
Qxc1 40. Qxc1 Rxc1 41. Rxf7+ Kb6 42. Nd7+ Bxd7 43. Rxd7 Rc7 44. Rd8 Nc4 45. f4
Ne3+ 46. Kf3 Nf5 47. Rg8 Ne7 48. Rb8+ Kc6 49. Rb2 Ra7 50. Rc2+ Kb5 51. Rb2+ Kc5
52. Rc2+ Kd4 53. Kg4 Ke3 54. Rc3+ Kd2 55. Rc5 d4 56. Kf3 Ra3+ 57. Kf2 Ra2 58.
Rc7 Kd1+ 59. Kf3 Nf5 60. Rd7 Ke1 61. Kg4 Ke2 62. Kg5 d3 63. Kxg6 Ra4 64. Rb7
Nd4 65. h4 d2 66. Rb2 Nf5 67. h5 Nxg3 68. h6 Rxf4 69. h7 Rh4 70. Kg7 Nf5+ 71.
Kg8 Ne7+ 72. Kg7 Rg4+ 73. Kf6 Ng6 74. Rb1 Nh8 75. Rb2 Rg6+ 76. Ke7 Rh6 77. Kf8
Rxh7 78. Kg8 Rh5 79. Kg7 Rxe5 80. Kf6 Re4 {PostModernist resigns} 0-1

[Event "ICS rated blitz match"]
[Site "204.178.125.65"]
[Date "2000.12.19"]
[Round "?"]
[White "Hossa"]
[Black "PostModernist"]
[Result "1/2-1/2"]
[WhiteElo "2492"]
[BlackElo "2673"]
[PlyCount "115"]
[EventDate "2000.??.??"]

1. e4 c5 2. Nf3 Nc6 3. d4 cxd4 4. Nxd4 Nf6 5. Nc3 d6 6. f3 e5 7. Nb3 Be6 8. Bg5
Be7 9. Be2 O-O 10. Qd2 h6 11. Be3 d5 12. exd5 Nxd5 13. Nxd5 Bxd5 14. O-O Bxb3
15. Qxd8 Rfxd8 16. cxb3 Nd4 17. Kf2 Nf5 18. Rfd1 Nxe3 19. Kxe3 Bc5+ 20. Ke4 Bd4
21. Rd2 g6 22. Bc4 Rd6 23. g4 Rad8 24. Rf1 g5 25. Kf5 e4 26. f4 e3 27. Rc2 Bf6
28. fxg5 hxg5 29. Ke4 Re8+ 30. Kf3 a6 31. Ke2 b5 32. Bd5 Kg7 33. Rf5 Re7 34.
Rc1 Kh6 35. Rd1 Bxb2 36. Rxf7 Rxf7 37. Bxf7 Rxd1 38. Kxd1 Kg7 39. Bd5 b4 40.
Ke2 Bd4 41. Kd3 a5 42. Bf3 Bb6 43. Ke4 Kf6 44. Be2 Kg6 45. Kd5 Kg7 46. Kd6 Bd4
47. Kd5 Bb6 48. Kd6 Bd8 49. Ke5 Kh6 50. Kf5 Bc7 51. Ke4 Bb6 52. Bd3 Bc5 53. Kd5
Bb6 54. Ke4 Ba7 55. Kd5 Bb8 56. Ke4 Ba7 57. Kd5 Bb6 58. Ke4 {
Game drawn by repetition} 1/2-1/2

[Event "ICS rated blitz match"]
[Site "204.178.125.65"]
[Date "2000.12.19"]
[Round "?"]
[White "I-Labib"]
[Black "Hossa"]
[Result "1/2-1/2"]
[WhiteElo "2337"]
[BlackElo "2500"]
[PlyCount "160"]
[EventDate "2000.??.??"]

1. e4 c5 2. Nf3 a6 3. d4 cxd4 4. Nxd4 Nf6 5. Nc3 e5 6. Nf3 Nc6 7. Bc4 Bb4 8.
O-O Bxc3 9. bxc3 d6 10. Ba3 Nxe4 11. Qd5 Be6 12. Qxe4 d5 13. Qe3 dxc4 14. Nxe5
Ne7 15. Rad1 Qc7 16. Bd6 Qd8 17. Ba3 Qc7 18. Bd6 Qd8 19. Rfe1 O-O 20. Nxf7 Rxf7
21. Qxe6 Nf5 22. Bb4 Qc8 23. Qd5 Rb8 24. Re5 b5 25. h3 h6 26. Rde1 h5 27. R1e4
g6 28. Re6 Kh7 29. Rc6 Qd7 30. Qxd7 Rxd7 31. Rxa6 Rd1+ 32. Kh2 h4 33. Rg4 Rd2
34. Raxg6 Nh6 35. Rg7+ Kh8 36. R4g6 Re8 37. Bc5 Nf5 38. Rf7 Rd5 39. Bb6 Rb8 40.
Ba7 Rbd8 41. Rg5 Nh6 42. Rxd5 Rxd5 43. Rf6 Nf5 44. Rc6 Rd7 45. Bb6 Rb7 46. Rc5
Rxb6 47. Rxf5 Kg7 48. Rh5 Ra6 49. Rxb5 Rxa2 50. Rb4 Rxc2 51. Rxc4 Rxf2 52. Rxh4
Rc2 53. c4 Kf6 54. Rf4+ Ke5 55. Kg3 Kd6 56. h4 Rc1 57. h5 Rc3+ 58. Kg4 Rc2 59.
g3 Rh2 60. Kg5 Rg2 61. g4 Ke5 62. Rf5+ Kd4 63. h6 Re2 64. h7 Re8 65. Rf7 Kc5
66. Kg6 Rc8 67. Kg7 Rc6 68. Rf8 Kb4 69. h8=Q Rc5 70. Rb8+ Kc3 71. Kf7+ Kd3 72.
Rd8+ Ke4 73. Qd4+ Kf3 74. Qxc5 Ke2 75. Qd4 Kf3 76. Re8 Kg2 77. Re2+ Kg3 78. Qe4
Kh3 79. g5 Kg3 80. Rg2+ Kh3 {
I-Labib ran out of time and Hossa has no material to mate} 1/2-1/2

[Event "ICS rated standard match"]
[Site "204.178.125.65"]
[Date "2000.12.19"]
[Round "?"]
[White "diep"]
[Black "Hossa"]
[Result "0-1"]
[WhiteElo "2511"]
[BlackElo "2337"]
[PlyCount "122"]
[EventDate "2000.??.??"]

1. Nf3 Nf6 2. c4 e6 3. Nc3 d5 4. d4 Be7 5. Bg5 h6 6. Bxf6 Bxf6 7. e3 O-O 8. Rc1
b6 9. cxd5 exd5 10. b4 Be7 11. Qb3 c6 12. Bd3 Be6 13. O-O a6 14. Ne5 Bd6 15. f4
Ra7 16. Na4 Qc7 17. Bb1 g6 18. Bd3 Rc8 19. a3 Kh8 20. Nc3 Rd8 21. Qb2 Re8 22.
e4 Qe7 23. exd5 cxd5 24. Qe2 Qf6 25. Qf3 Rd8 26. Rc2 Rc7 27. f5 gxf5 28. Qf2
Bxe5 29. dxe5 Qxe5 30. Re1 Qf6 31. Qf4 Rc6 32. Re3 Rdc8 33. b5 axb5 34. Rh3 Kg7
35. Rg3+ Kh7 36. Nd1 Rxc2 37. Bxc2 Rxc2 38. Rd3 Nc6 39. Ne3 Qa1+ 40. Nf1 Rc3
41. Rxc3 Qxc3 42. Qf2 d4 43. h3 Qxa3 44. Qc2 Qc5 45. Qd1 d3+ 46. Kh2 Qe5+ 47.
Kg1 Qe2 48. Qd2 Bd5 49. Qxe2 dxe2 50. Kf2 exf1=Q+ 51. Kxf1 Bxg2+ 52. Kxg2 b4
53. Kf3 b3 54. Ke3 b2 55. Ke2 b1=Q 56. Kf2 Qc2+ 57. Ke3 f4+ 58. Kxf4 Qd3 59. h4
h5 60. Kg5 Qg3+ 61. Kxh5 Qg6# {diep checkmated} 0-1

[Event "ICS rated standard match"]
[Site "204.178.125.65"]
[Date "2000.12.19"]
[Round "?"]
[White "Hossa"]
[Black "PostModernist"]
[Result "1-0"]
[WhiteElo "2360"]
[BlackElo "2355"]
[PlyCount "149"]
[EventDate "2000.??.??"]

1. e4 e5 2. Nf3 Nc6 3. d4 exd4 4. Nxd4 Nf6 5. Nxc6 bxc6 6. e5 Qe7 7. Qe2 Nd5 8.
c4 Nb6 9. Nd2 g6 10. Ne4 Qe6 11. Bg5 Bb4+ 12. Kd1 Ba6 13. b3 O-O 14. Qe3 Ba3
15. Nf6+ Kh8 16. Bh4 Kg7 17. Qc3 Be7 18. Be2 d6 19. Ke1 Qxe5 20. Nh5+ gxh5 21.
Qxe5+ dxe5 22. Bxe7 Rfe8 23. Bg5 Kg6 24. Be3 Bc8 25. Kd2 Bg4 26. f3 Red8+ 27.
Kc3 Bf5 28. h3 h4 29. Bf2 Kg5 30. Rhf1 Rd7 31. f4+ exf4 32. Bc5 Be4 33. Rf2 Rh8
34. Raf1 h5 35. Bd4 Rhd8 36. Be5 f5 37. Bxf4+ Kg6 38. Rg1 Rg7 39. Be5 Re7 40.
Bh2 Rh8 41. Bf4 Rd7 42. Rd1 Rxd1 43. Bxd1 Rh7 44. Kb4 Rd7 45. Be2 Nc8 46. Ka5
Rg7 47. c5 Kf6 48. Bf1 Rd7 49. Ka6 Rd1 50. Kb7 Ne7 51. Kxa7 Nd5 52. Bd2 Ra1 53.
a4 Rb1 54. Bc4 Rg1 55. Bf1 Rxf1 56. Rxf1 Bxg2 57. Rf2 Bxh3 58. Kb7 f4 59. a5
Ne7 60. Rxf4+ Kg6 61. Kxc7 Nd5+ 62. Kb8 Nxf4 63. a6 Ne6 64. a7 Bg2 65. a8=Q h3
66. Ka7 Kf7 67. Qh8 Ng7 68. Bc3 Ne8 69. Kb7 Ke7 70. Qh7+ Ke6 71. Kc8 Nf6 72.
Qg6 Ke7 73. Qg7+ Ke8 74. Bxf6 Bd5 75. Qe7# {PostModernist checkmated} 1-0

[Event "ICS rated blitz match"]
[Site "204.178.125.65"]
[Date "2000.12.19"]
[Round "?"]
[White "Holocaust"]
[Black "Hossa"]
[Result "1-0"]
[WhiteElo "2620"]
[BlackElo "2493"]
[PlyCount "96"]
[EventDate "2000.??.??"]

1. d4 Nf6 2. c4 e6 3. Nc3 Bb4 4. Qc2 O-O 5. a3 Bxc3+ 6. Qxc3 b6 7. Bg5 Ba6 8.
Nf3 h6 9. Bh4 Bb7 10. e3 g5 11. Bg3 Ne4 12. Qc2 d6 13. Nd2 Nxg3 14. hxg3 Qf6
15. Rh2 Nc6 16. Bd3 e5 17. d5 Nb8 18. Ke2 Kg7 19. Rah1 Rh8 20. Ne4 Qe7 21. g4
Bc8 22. f3 Nd7 23. Ng3 Nf6 24. Bf5 Ba6 25. Bh7 Qd8 26. Nf5+ Kf8 27. Rxh6 Bc8
28. b3 Ke8 29. e4 a5 30. Qd2 Bxf5 31. Bxf5 Rg8 32. Qc2 a4 33. b4 Nd7 34. Qc1
Nf8 35. c5 bxc5 36. bxc5 f6 37. cxd6 Qxd6 38. Qc2 Qa6+ 39. Kf2 Qb6+ 40. Kg3 Rg7
41. Rb1 Qd6 42. Rh8 Qa6 43. Bg6+ Kd7 44. Rxf8 Rxf8 45. Bf5+ Ke8 46. Rb8+ Kf7
47. Be6+ Kg6 48. Rxf8 Re7 {Hossa resigns} 1-0

[Event "ICS rated standard match"]
[Site "204.178.125.65"]
[Date "2000.12.19"]
[Round "?"]
[White "Hossa"]
[Black "diep"]
[Result "0-1"]
[WhiteElo "2376"]
[BlackElo "2488"]
[PlyCount "248"]
[EventDate "2000.??.??"]

1. d4 Nf6 2. c4 e6 3. Nc3 Bb4 4. Qc2 O-O 5. a3 Bxc3+ 6. Qxc3 b6 7. Bg5 Bb7 8.
f3 h6 9. Bh4 d5 10. e3 Nbd7 11. Nh3 c5 12. dxc5 Nxc5 13. Bxf6 Qxf6 14. Qxf6
gxf6 15. Nf4 dxc4 16. Bxc4 Rfd8 17. Nh5 f5 18. Ke2 Na4 19. Bb5 Nxb2 20. Rhb1 a6
21. Rxb2 axb5 22. Kf2 Ra5 23. Nf4 Rc8 24. Ne2 Rc4 25. Rd1 Rxa3 26. Rd8+ Kg7 27.
Rb8 Ba6 28. Rxb6 Kf6 29. f4 b4 30. Nd4 Rc1 31. Nb3 Rf1+ 32. Kg3 Re1 33. Kf2 Rh1
34. h3 Rf1+ 35. Kg3 Bc4 36. Rxb4 Bd5 37. Rb8 Kg7 38. h4 Rg1 39. Rb5 Kg6 40. Rb6
Kh5 41. Rb8 Rf1 42. Rb5 Rd1 43. Kf2 Kxh4 44. Rb8 f6 45. Nd2 Raa1 46. Rg8 Kh5
47. Rg7 Rdc1 48. Ke2 Rh1 49. Rg3 Rh4 50. Kf2 Rd1 51. Ke2 Ra1 52. Kf2 Rc1 53.
Nf3 Rhh1 54. Nd2 Rhd1 55. Rg7 Ra1 56. Rg8 Rh1 57. Rg7 Rhg1 58. Rc2 Rgc1 59. Rb2
Rh1 60. Rg8 Rad1 61. Ke2 Rhe1+ 62. Kf2 Rg1 63. Rg3 Ra1 64. Rg7 Rh1 65. Rg8 Rae1
66. Rg7 Reg1 67. Rc2 Rd1 68. Rb2 Rde1 69. Rg8 Rhg1 70. Rg3 Rc1 71. Rb8 Rgd1 72.
Ke2 Rh1 73. Rbg8 Bc6 74. Rb8 Rhe1+ 75. Kf2 Red1 76. Rb2 Rg1 77. Rb6 Rh1 78. Rb2
Rce1 79. Rg7 Bd5 80. Rg8 Rhg1 81. Rg3 Rd1 82. Rg7 e5 83. Rc2 Ba8 84. Rg8 Bb7
85. Rg7 Bd5 86. Rb2 Bc6 87. Ra2 Rh1 88. Rb2 Rc1 89. Rb8 Rc2 90. Ke2 Ra1 91.
fxe5 Raa2 92. Rd8 Bb5+ 93. Ke1 fxe5 94. Rb7 Bc6 95. Rf7 Rc1+ 96. Kf2 Rd1 97.
Ke2 Rg1 98. Kd3 Rxg2 99. Kc3 f4 100. Re7 Ra3+ 101. Kb4 Rxe3 102. Nc4 Ree2 103.
Re6 Be4 104. Rxe5+ Rg5 105. Re6 f3 106. Rf8 Rf5 107. Rh8 f2 108. Rhxh6+ Kg4
109. Rh1 Bxh1 110. Rxe2 f1=Q 111. Ne3+ Kf3 112. Nxf1 Rf4+ 113. Kc3 Kxe2 114.
Nd2 Bd5 115. Nb1 Rc4+ 116. Kb3 Kd3 117. Na3 Re4+ 118. Kb2 Ra4 119. Nb5 Rb4+
120. Ka1 Be4 121. Ka2 Rxb5 122. Ka3 Kc3 123. Ka4 Rd5 124. Ka3 Ra5# {
Hossa checkmated} 0-1

[Event "ICS rated blitz match"]
[Site "204.178.125.65"]
[Date "2000.12.20"]
[Round "?"]
[White "Hossa"]
[Black "BOKTA"]
[Result "1-0"]
[WhiteElo "2483"]
[BlackElo "1972"]
[PlyCount "203"]
[EventDate "2000.??.??"]

1. e4 d6 2. d4 Nf6 3. Nc3 g6 4. f4 Bg7 5. Nf3 c5 6. dxc5 Qa5 7. Bd3 Qxc5 8. Qe2
Bg4 9. Be3 Qa5 10. O-O Nc6 11. Bc4 O-O 12. a3 Nd7 13. Qd2 a6 14. Bd5 Bxf3 15.
Rxf3 Rac8 16. e5 Qc7 17. e6 fxe6 18. Bxe6+ Kh8 19. Nd5 Qd8 20. Bxd7 Qxd7 21.
Nb6 Qc7 22. Nxc8 Qxc8 23. c3 Qe6 24. Rd1 Na5 25. Qd5 Qxd5 26. Rxd5 Nc4 27. Bc1
Kg8 28. b3 Nb6 29. Rd1 Rc8 30. Re3 Kf7 31. c4 Nd7 32. Re2 Nc5 33. Bb2 Bxb2 34.
Rxb2 Nd7 35. Re2 Rc7 36. a4 Nc5 37. Re3 a5 38. g3 Kf6 39. Rd2 Rc6 40. Rde2 e6
41. Rf3 Rb6 42. Ree3 Kf5 43. h3 h5 44. Kg2 Rc6 45. Kf1 Rb6 46. Ke2 Rc6 47. Ke1
Rb6 48. Rc3 Rc6 49. Kd1 Rb6 50. Ke2 Rc6 51. Ke3 Rb6 52. Kd4 Rc6 53. Rc2 Rb6 54.
Rb2 Rc6 55. Ra2 Rb6 56. Ra3 Na6 57. Kd3 Nc5+ 58. Kc3 Na6 59. Ra1 Nc5 60. Kc2
Rc6 61. Re1 Rb6 62. Re2 Rc6 63. Kc3 Rb6 64. Rb2 Rc6 65. h4 Kf6 66. Re3 Kf5 67.
Rg2 Rb6 68. Kc2 Rc6 69. Rd2 Rb6 70. Rd4 Rc6 71. Kb2 Rb6 72. Ka3 Rc6 73. Rd1 Rb6
74. Rde1 Kf6 75. Ra1 Kf5 76. Kb2 Kf6 77. Kc2 Kf5 78. Rd1 Kf6 79. Rf3 Kf5 80.
Rc3 Kf6 81. Re3 Kf5 82. Rde1 Kf6 83. R3e2 Kf5 84. Rb1 Kf6 85. Re3 Kf5 86. Rc1
Kf6 87. Rce1 Kf5 88. R1e2 Kf6 89. Rf2 Kf5 90. Rf1 Kf6 91. Rc1 Kf5 92. Rg1 Kf6
93. g4 hxg4 94. Rxg4 Rc6 95. Reg3 Rb6 96. Rxg6+ Kf5 97. h5 Rc6 98. h6 Rc8 99.
Rg8 Rc6 100. h7 d5 101. h8=Q Ne4 102. Qe5# {BOKTA checkmated} 1-0

[Event "ICS rated blitz match"]
[Site "204.178.125.65"]
[Date "2000.12.20"]
[Round "?"]
[White "Hossa"]
[Black "drmorpheus"]
[Result "1-0"]
[WhiteElo "2485"]
[BlackElo "1916"]
[PlyCount "83"]
[EventDate "2000.??.??"]

1. e4 e5 2. Nf3 Nc6 3. d4 exd4 4. Nxd4 Bc5 5. Be3 Qf6 6. c3 Nge7 7. Be2 O-O 8.
Nxc6 Qxc6 9. Bxc5 Qxc5 10. O-O d5 11. Nd2 Be6 12. Qc2 d4 13. Nb3 Bxb3 14. Qxb3
dxc3 15. Rfc1 Qb6 16. Qxb6 axb6 17. Rxc3 c6 18. Rb3 b5 19. g3 Rfd8 20. Rd3 Rxd3
21. Bxd3 Rd8 22. Bc2 Kf8 23. Rd1 Rxd1+ 24. Bxd1 Nc8 25. Bc2 Nb6 26. b3 Ke7 27.
f4 Kd6 28. e5+ Kc5 29. Bxh7 Kd4 30. Bg8 c5 31. Bxf7 c4 32. Kf2 c3 33. Ke2 b4
34. Be6 Na8 35. Bc8 Nc7 36. Bxb7 Nb5 37. e6 Nc7 38. e7 Kc5 39. Kd3 Kd6 40. Be4
Kxe7 41. Kc4 Na6 42. Kb5 {drmorpheus resigns} 1-0

[Event "ICS rated standard match"]
[Site "204.178.125.65"]
[Date "2000.12.20"]
[Round "?"]
[White "Memmius"]
[Black "Hossa"]
[Result "0-1"]
[WhiteElo "2225"]
[BlackElo "2373"]
[PlyCount "46"]
[EventDate "2000.??.??"]

1. c4 Nf6 2. g3 e6 3. Bg2 d5 4. Nf3 dxc4 5. Ne5 Bc5 6. O-O Qd4 7. Nf3 Qd6 8. d3
cxd3 9. Bf4 dxe2 10. Qxe2 Qe7 11. Nc3 O-O 12. Rac1 Rd8 13. Nb5 Na6 14. Rfd1 Nd5
15. Bd2 c6 16. Nbd4 Ndb4 17. Bxb4 Nxb4 18. Nb3 Bd6 19. h4 Nxa2 20. Rc4 e5 21.
h5 Be6 22. h6 b5 23. Rxc6 Bxb3 {Memmius resigns} 0-1

[Event "ICS rated blitz match"]
[Site "204.178.125.65"]
[Date "2000.12.20"]
[Round "?"]
[White "PostModernist"]
[Black "Hossa"]
[Result "1-0"]
[WhiteElo "2610"]
[BlackElo "2486"]
[PlyCount "79"]
[EventDate "2000.??.??"]

1. e4 c5 2. c3 e6 3. d4 a6 4. Nf3 b5 5. Bd3 cxd4 6. cxd4 d5 7. O-O Nc6 8. Nc3
Nf6 9. e5 Nd7 10. Bg5 Be7 11. Bxe7 Qxe7 12. a4 bxa4 13. Rxa4 Nb6 14. Ra3 Bb7
15. Qb3 Nb4 16. Na2 Nxd3 17. Qxb6 Nf4 18. g3 Ng6 19. Rb3 Rb8 20. Rc1 Qd7 21.
Rc7 Qa4 22. Rxb7 Rxb7 23. Qxb7 O-O 24. Nc3 Qa1+ 25. Kg2 Rd8 26. Ra3 Qc1 27.
Rxa6 Nf8 28. Rd6 Re8 29. Rc6 h6 30. Nxd5 Qb1 31. Rc8 Rxc8 32. Ne7+ Kh7 33. Qxc8
Qe4 34. Qxf8 h5 35. Qg8+ Kh6 36. Qh8+ Qh7 37. Ng8+ Kg6 38. Nh4+ Kg5 39. f4+ Kg4
40. h3# {Hossa checkmated} 1-0

[Event "ICS rated blitz match"]
[Site "204.178.125.65"]
[Date "2000.12.20"]
[Round "?"]
[White "Hossa"]
[Black "Colorado"]
[Result "0-1"]
[WhiteElo "2475"]
[BlackElo "2660"]
[PlyCount "142"]
[EventDate "2000.??.??"]

1. e4 e5 2. Nf3 Nc6 3. d4 exd4 4. Nxd4 Nf6 5. Nxc6 bxc6 6. e5 Qe7 7. Qe2 Nd5 8.
c4 Ba6 9. Qe4 Nb6 10. Nc3 O-O-O 11. Be2 Kb7 12. c5 Qxc5 13. Be3 Qb4 14. Bxa6+
Kxa6 15. Qc2 Re8 16. a3 Qg4 17. f3 Qg6 18. Qxg6 hxg6 19. f4 Nc4 20. Bc1 f6 21.
b3 Na5 22. b4 Nb3 23. Rb1 Nxc1 24. Kd2 fxe5 25. fxe5 Rxe5 26. Kxc1 Bd6 27. h4
Reh5 28. Rd1 Rxh4 29. Rb2 Be5 30. Rc2 d5 31. Na4 Bd4 32. Nc5+ Bxc5 33. Rxc5 Kb6
34. Rd2 Re8 35. Rdc2 Re1+ 36. Kb2 Re6 37. g3 Rg4 38. Rg2 Rge4 39. Rcc2 Re3 40.
g4 R3e4 41. g5 R4e5 42. Ka2 Re8 43. a4 a6 44. Rb2 Rf5 45. Rg4 Ree5 46. Rbg2 c5
47. bxc5+ Kxc5 48. Kb3 c6 49. R4g3 Kb6 50. Rg4 c5 51. R2g3 c4+ 52. Kb4 a5+ 53.
Kc3 Re2 54. Kd4 Rd2+ 55. Kc3 Rff2 56. Rxc4 Rc2+ 57. Kd4 Rfd2+ 58. Ke5 dxc4 59.
Rh3 Ra2 60. Rh8 c3 61. Rb8+ Kc7 62. Rb3 c2 63. Rc3+ Kd7 64. Rc4 Rg2 65. Kf4
Rxa4 66. Rxa4 c1=Q+ 67. Kf3 Qf1+ 68. Ke3 Rg3+ 69. Kd4 Kd6 70. Ke4 Qf5+ 71. Kd4
Qd3# {Hossa checkmated} 0-1

[Event "ICS rated blitz match"]
[Site "204.178.125.65"]
[Date "2000.12.20"]
[Round "?"]
[White "wanky"]
[Black "Hossa"]
[Result "1-0"]
[WhiteElo "2739"]
[BlackElo "2467"]
[PlyCount "107"]
[EventDate "2000.??.??"]

1. Nf3 Nf6 2. d4 g6 3. c4 Bg7 4. Nc3 O-O 5. e4 c6 6. e5 Ne8 7. Bd3 d6 8. h3
dxe5 9. dxe5 Nd7 10. Qe2 Nxe5 11. Nxe5 Bxe5 12. Qxe5 Qxd3 13. Bh6 Nf6 14. Bxf8
Kxf8 15. Rd1 Qxc4 16. Rd8+ Kg7 17. Qxe7 Qe6+ 18. Qxe6 fxe6 19. O-O Kf7 20. Rfd1
h5 21. Rh8 Nd5 22. Nxd5 exd5 23. Re1 d4 24. Ree8 d3 25. Rhf8+ Kg7 26. Kf1 d2
27. Ke2 Bxh3 28. Rxa8 Bxg2 29. Rfb8 c5 30. Rxa7 Kf6 31. Kxd2 Ke5 32. Ke3 h4 33.
f3 h3 34. Kf2 g5 35. Rbxb7 g4 36. Re7+ Kd5 37. fxg4 Be4 38. Kg3 Bg2 39. g5 Kc6
40. g6 Bd5 41. Ra6+ Kb5 42. Rd6 Bg8 43. Rb7+ Ka5 44. Rd3 Ka6 45. Rb8 Ka7 46.
Rxg8 h2 47. Rg7+ Kb6 48. Rd6+ Ka5 49. Ra7+ Kb4 50. Rb7+ Ka5 51. Kxh2 c4 52. g7
c3 53. b4+ Ka4 54. Ra6# {Hossa checkmated} 1-0

[Event "ICS rated blitz match"]
[Site "204.178.125.65"]
[Date "2000.12.20"]
[Round "?"]
[White "PostModernist"]
[Black "Hossa"]
[Result "0-1"]
[WhiteElo "2627"]
[BlackElo "2461"]
[PlyCount "114"]
[EventDate "2000.??.??"]

1. e4 e5 2. Bc4 Nf6 3. d3 Nc6 4. Nf3 Bc5 5. c3 d6 6. Bb3 O-O 7. O-O Be6 8. Bc2
d5 9. b4 dxe4 10. dxe4 Bd6 11. Qe2 a5 12. b5 Ne7 13. Bg5 Ng6 14. Rd1 Qe7 15.
Nbd2 h6 16. Be3 Ng4 17. Bb3 Nxe3 18. Qxe3 Bd7 19. a4 Bc5 20. Qe1 Rad8 21. Bd5
c6 22. bxc6 bxc6 23. Bb3 Bg4 24. h3 Bh5 25. Bc4 Nf4 26. Kh2 Qf6 27. Rab1 Rd7
28. Be2 Nxe2 29. Qxe2 Rfd8 30. Kg1 Qf4 31. Kf1 Be7 32. g4 Bg6 33. Nc4 Rxd1+ 34.
Rxd1 Rxd1+ 35. Qxd1 Bxe4 36. Ne1 Qh2 37. Ke2 Bd5 38. Nxa5 Bh4 39. Qd2 Qxh3 40.
Qc2 Qxg4+ 41. Kf1 Bd8 42. c4 Qh3+ 43. Ke2 Qh5+ 44. f3 Qh2+ 45. Kd1 Qxc2+ 46.
Kxc2 Bxa5 47. cxd5 Bxe1 48. dxc6 Ba5 49. Kd3 Kf8 50. Ke4 Bc7 51. a5 Bxa5 52.
Kxe5 Bc7+ 53. Ke4 Ke7 54. Ke3 Kd6 55. Kd4 f5 56. Ke3 Kxc6 57. Ke2 g5 {
PostModernist resigns} 0-1

[Event "ICS rated blitz match"]
[Site "204.178.125.65"]
[Date "2000.12.20"]
[Round "?"]
[White "Hossa"]
[Black "chainsaw"]
[Result "1-0"]
[WhiteElo "2484"]
[BlackElo "2161"]
[PlyCount "57"]
[EventDate "2000.??.??"]

1. Nf3 d6 2. c4 e5 3. Nc3 f5 4. d3 Nf6 5. d4 e4 6. Ng5 h6 7. Nh3 c6 8. Nf4 Kf7
9. e3 g6 10. Be2 Bg7 11. Bd2 Re8 12. O-O b6 13. d5 c5 14. Nb5 a6 15. Qa4 Bb7
16. Ne6 Qd7 17. Nc3 Rc8 18. Qb3 b5 19. cxb5 Bxd5 20. Nxd5 Qxe6 21. Nb6 Qxb3 22.
axb3 Nbd7 23. Nxa8 Rxa8 24. Rxa6 Rxa6 25. bxa6 Nb6 26. a7 Nfd5 27. Bc4 Ke6 28.
Ba5 Na8 29. Rd1 {chainsaw resigns} 1-0

[Event "ICS rated blitz match"]
[Site "204.178.125.65"]
[Date "2000.12.20"]
[Round "?"]
[White "chainsaw"]
[Black "Hossa"]
[Result "0-1"]
[WhiteElo "2157"]
[BlackElo "2488"]
[PlyCount "106"]
[EventDate "2000.??.??"]

1. d4 d5 2. Nf3 Nf6 3. Bf4 c5 4. c3 Qb6 5. Qb3 Qxb3 6. axb3 cxd4 7. Nxd4 Bd7 8.
Bxb8 Rxb8 9. Rxa7 e5 10. Nf3 Bf5 11. Nbd2 e4 12. Nd4 Bc5 13. Ra1 Bxd4 14. cxd4
Ke7 15. e3 Ra8 16. Rb1 Rhc8 17. Be2 Ra2 18. Bd1 Bd7 19. b4 Bb5 20. Bb3 Raa8 21.
f3 exf3 22. gxf3 Bd3 23. Rd1 h6 24. Kf2 Re8 25. Ra1 Rxa1 26. Rxa1 g6 27. Bd1
Ke6 28. Nb3 b6 29. Ra7 Rc8 30. Rb7 Nd7 31. Nd2 Bb5 32. e4 Bc6 33. Ra7 Nf6 34.
e5 Nd7 35. f4 h5 36. Be2 Ke7 37. Bf1 Rb8 38. b5 Bb7 39. Bh3 Nf8 40. Nf3 Ne6 41.
Bxe6 fxe6 42. Kg3 Kd7 43. Nh4 Kc7 44. Kf3 Rg8 45. Ra1 g5 46. Rg1 g4+ 47. Ke3
Bc8 48. h3 gxh3 49. Kf2 Rg4 50. Nf3 Rxf4 51. Rg7+ Bd7 52. Kg3 h2 53. Kxh2 Rxf3
{chainsaw resigns} 0-1

[Event "ICS rated blitz match"]
[Site "204.178.125.65"]
[Date "2000.12.20"]
[Round "?"]
[White "chainsaw"]
[Black "Hossa"]
[Result "0-1"]
[WhiteElo "2149"]
[BlackElo "2496"]
[PlyCount "35"]
[EventDate "2000.??.??"]

1. d4 Nf6 2. Nf3 g6 3. c4 Bg7 4. Nc3 O-O 5. e4 d6 6. Be2 Na6 7. Bg5 h6 8. Bh4
c5 9. d5 g5 10. Bg3 Nh5 11. Nd2 Nxg3 12. hxg3 f5 13. exf5 Bxf5 14. Bg4 Qd7 15.
Bxf5 Qxf5 16. O-O Nb4 17. Qb1 Nc2 18. Nf3 {chainsaw resigns} 0-1

[Event "ICS rated blitz match"]
[Site "204.178.125.65"]
[Date "2000.12.20"]
[Round "?"]
[White "Colorado"]
[Black "Hossa"]
[Result "1-0"]
[WhiteElo "2660"]
[BlackElo "2500"]
[PlyCount "143"]
[EventDate "2000.??.??"]

1. e4 e5 2. Nf3 Nc6 3. Bb5 a6 4. Ba4 Nf6 5. O-O Be7 6. Re1 b5 7. Bb3 d6 8. c3
O-O 9. h3 Na5 10. Bc2 c5 11. d4 Qc7 12. b4 cxb4 13. cxb4 Nc6 14. Bb2 Nxb4 15.
Bb3 exd4 16. Nxd4 Re8 17. Qd2 d5 18. a3 Nxe4 19. Qe3 Bb7 20. axb4 Bxb4 21. Rc1
Qd7 22. Bc2 a5 23. Bxe4 Rxe4 24. Qd3 Ba6 25. Nc3 Bxc3 26. Qxc3 b4 27. Qc6 Qxc6
28. Rxc6 Bd3 29. Rxa5 Rae8 30. Rb6 Bc4 31. Rb7 Re1+ 32. Kh2 Rf1 33. f3 Rf2 34.
Rxb4 h5 35. Kg3 Rd2 36. Rb7 h4+ 37. Kxh4 Rxg2 38. Ba3 Re1 39. Ra8+ Kh7 40. Rxf7
Bd3 41. Rd7 Reg1 42. Raa7 Bf1 43. Nf5 Bd3 44. Rxd5 Bxf5 45. Rxf5 Rh1 46. Rh5+
Kg8 47. f4 Rf1 48. Ra8+ Kf7 49. Rf8+ Ke6 50. Re5+ Kd7 51. Re7+ Kc6 52. Rc8+ Kd5
53. Rd8+ Kc6 54. Rc8+ Kd5 55. Re5+ Kd4 56. Rd8+ Kc4 57. Rc5+ Kb3 58. Rb8+ Ka4
59. Bc1 g5+ 60. fxg5 Rf7 61. Rc4+ Ka5 62. g6 Rd7 63. Bb2 Rxb2 64. Rxb2 Rd8 65.
Rc1 Rd4+ 66. Kg5 Rb4 67. Rxb4 Kxb4 68. g7 Kb3 69. g8=Q+ Kb2 70. Rc8 Ka3 71. Rb8
Ka4 72. Qa2# {Hossa checkmated} 1-0